Merchandising Mathematics for Retailing

Gespeichert in:
Bibliographische Detailangaben
1. Verfasser: Easterling, Cynthia R.
Weitere Verfasser: Flottman, Ellen L., Jernigan, Marian H., Wuest, Beth E.S
Format: Buch
Sprache:Englisch
Veröffentlicht: Upper Saddle River Pearson 2013
Ausgabe:5th Edition
Schlagworte:
Tags: Tag hinzufügen
Keine Tags, Fügen Sie das erste Tag hinzu!

MARC

LEADER 00000nam a2200000 4500
001 0264211
005 20240226124400.7
020 |a 978-0-13-272416-6 
020 |a 0-13-272416-2 
041 0 |a eng 
044 |a US 
245 1 0 |a Merchandising Mathematics for Retailing  |c Cynthia R. Easterling, Ellen L. Flottman, Marian H. Jernigan, Beth E.S. Wuest 
250 |a 5th Edition 
264 1 |a Upper Saddle River  |b Pearson  |c 2013 
300 |a 317 s. 
610 2 0 |a matematika 
610 2 0 |a maloobchod 
610 2 0 |a organizácia 
610 2 0 |a nákup 
610 2 0 |a štúdie prípadové 
100 1 |a Easterling, Cynthia R. 
700 1 |a Flottman, Ellen L. 
700 1 |a Jernigan, Marian H. 
700 1 |a Wuest, Beth E.S.